OPAC | Catalogo Arcigay delle biblioteche LGBTQIA+

Il Catalogo di Arcigay delle Biblioteche LGBTQIA+ è un servizio fornito grazie alla collaborazione tra Arcigay nazionale e le associazioni locali aderenti al progetto che conservano e rendono pubbliche biblioteche a tema LGBTQIA+.

Implementing equality for lesbians, gay and bisexuals / (Record no. 21925)

MARC details
000 -LEADER
campo di controllo lung. fissa 00584nam a22001817i 4500
001 - Numero di controllo
campo di controllo IT\ICCU\UBO\4032867
003 - Identificatore del numero di controllo
campo di controllo ItRI
005 - Data e orario dell'ultima transazione
campo di controllo 20260115232437.0
008 - Elementi di lunghezza fissa--Informazione generale
campo di controllo lung. fissa 130917q20002009ie |||||| ||||| |||||c
040 ## - Fonte della catalogazione
Lingua della catalogazione ita
Agenzia che fa la trascrizione importazione bologna sebina
041 #7 - Codice di lingua
Codice di lingua del testo/traccia sonora o titolo separato eng
Fonte del codice ISO-639-2
110 2# - Accesso principale--nome di ente
Nome dell'ente o nome della giurisdizione come accesso <<The >>Equality Authority
Numero del record di authority o numero standard IT\ICCU\UBOV\312590
245 00 - Formulazione del titolo
Titolo Implementing equality for lesbians, gay and bisexuals /
Formulazione di responsabilità, ecc. [Equality Authority].
260 ## - Pubblicazione, distribuzione, ecc. (stampa)
Luogo di pubblicazione, distribuzione, ecc. Dublin :
Nome dell'editore, distributore, ecc. Equality Authority, [200?]
300 ## - Descrizione fisica
Estensione xvi, 88 p. ;
Dimensioni 21x21 cm
500 ## - Nota generale
Nota generale Titolo della copertina.
942 ## - Dati aggiuntivi (Koha)
Fonte della classificazione o dello schema di collocazione (segnatura) Classificazione decimale Dewey
Tipo copia default (Koha) Libri
Nasconto in Opac No
Holdings
Status ritirato Status smarrito: Status danneggiato: Escluso dal prestito Biblioteca di appartenenza Biblioteca corrente Data di acquisti Numero d'inventario Totale prestiti Collocazione Codice a barre Data ultima revisione Prezzo effettivo da Tipo copia default (Koha) Nota pubblica
        BOLOGNA | Centro di Documentazione "Flavia Madaschi" Cassero LGBTQIA+ Center BOLOGNA | Centro di Documentazione "Flavia Madaschi" Cassero LGBTQIA+ Center 15/01/2026 16967   DOC 323.326 EQU BO16967 15/01/2026 15/01/2026 Libri 1 v.
Se cerchi informazioni su Arcigay, le puoi trovare nel nostro sito: www.arcigay.it